00329nam a22001217a 4500020001800000041000800018082001300026100002300039245006900062260002300131300000800154650004500162 a9788184652772 aENG a253bRED a Redfern, Alastair a The leadership of the people of god : a study of I and II kings aDelhibISPCKc2013 a118 aBible.--Kings, 2ndaChristian leadership